000 01153nam a2200229Ia 4500
003 Ost
005 20260416102358.0
008 260416s9999||||xx |||||||||||||| ||und||
040 _cfsecg
041 _aara
082 _a332
100 _aلعراب، سارة
_eمؤلف
245 0 _aالمالية العامة :
_bمطبوعة مقدمة لطلبة المالية و المحاسبة /
_c سارة لعراب
260 _aالجزائر
_bجامعة الجزائر3: كلية العلوم الإقتصادية، العلوم التجارية وعلوم التسيير
_c2022
300 _a130 ورقة
_bايضاحات
_c30 سم
504 _aمراجع ص.125
520 _aنشأة و تطور المالية العامة و علاقتها بالعلوم الاخرى ، النفقات العامة ، الايرادات العامة ، الميزانية العامة .
653 _aالمالية العامة
653 _aالنفقات العامة
710 _aجامعة الجزائر3: كلية العلوم الإقتصادية، العلوم التجارية وعلوم التسيير
_eناشر علمي
942 _cHANDOUT
999 _c41314
_d41314